000
00225 a2200097 4500
001
52914
100
_a
Langacker R
245
_a
Language and its Structure
260
_a
New York
_b
Harcourt & Brace
_c
090
_c
33262
_d
33262
942
_a
NUST-CAE
_c
M
_c
25850
999
_c
287987
_d
287987